Nombre de Monuments historiques par région - Statistiques

Statistiques générales
  • Ce quiz a été pris 36 fois
  • Le résultat moyen est 11 sur 14
Statistiques - réponses
Nombre
Région % Correct
1871 Nouvelle-Aquitaine
94%
1672 Grand Est
91%
973 Normandie
91%
1481 Occitanie
88%
1149 Ile-de-France
84%
1477 Auvergne-Rhône-Alpes
81%
1150 Bretagne
81%
1126 Bourgogne-Franche-Comté
78%
1140 Hauts-de-France
78%
897 Provence-Alpes-Côte-d'Azur
78%
141 Corse
75%
665 Pays-de-la-Loire
75%
849 Centre-Val-de-Loire
69%
124 Outre-mer
22%
Aucun quiz correspondant
Distribution des résultats
% des personnes avec chaque résultat
Percentile par nombre de réponses
Votre historique - résultats
Vous n’avez pas pris ce quiz